Terremoto de clases en Guatemala/
Gespeichert in:
| 1. Verfasser: | |
|---|---|
| Format: | Text |
| Sprache: | Spanish |
| Veröffentlicht: |
Guatemala :
|
| Tags: |
Tag hinzufügen
Keine Tags, Fügen Sie den ersten Tag hinzu!
|
MARC
| LEADER | 00000 a a2200000 04500 | ||
|---|---|---|---|
| 001 | 17210 | ||
| 003 | cru CIDCACS/IIS | ||
| 005 | 20230425115053.0 | ||
| 008 | 230425b1976 gt ||||| |||| 00| 0 spa d | ||
| 040 | |c cru CIDCACS/IIS | ||
| 090 | |a 05.03.03 J76t | ||
| 100 | |a Jonas Bodenheimer, Susanne | ||
| 245 | |a Terremoto de clases en Guatemala/ |c Susanne Jonas Bodenheimer | ||
| 260 | |a Guatemala : | ||
| 300 | |a 28 páginas | ||
| 942 | |2 z |c LITG | ||
| 999 | |c 11370 |d 11370 | ||
